000 00338 a2200169 4500
001 176894
020 _a85-08-05906-X
040 _cMagnum
100 _aFrança, Mary
240 1 0 _aA casa feia
_lpor
245 1 0 _aA casa feia
300 _a12
362 0 _a1997
440 1 _aÁtica
697 _aLITERATURA INFANTIL
942 _cBK
999 _c176894
_d176894